000 00297nam a22001337a 4500
008 180205b xxu||||| |||| 00| 0 eng d
020 _a9781256326632
041 _aeng
080 _a004
100 _a33
101 _ashk
245 _aintroduction to computers
_crobert.t.g
942 _2udc
_cBK
999 _c41717
_d41717